000 00653nam a2200253Ia 4500
003 OSt
005 20221007110147.0
006 a|||||r|||| 00| 0
007 ta
008 221006b |||||||| |||| 00| 0 eng d
024 _a20,510
037 _cTextual
040 _aLCO
_cLCO
_beng
041 _2eng
_aeng
082 _aZ1,6, L7
100 _aDiwan Paras
245 0 _aIndian and English Private International Law
250 _a1st
260 _aBombay
_bN.M.Tripathi Pvt Ltd. India
_c1977
300 _a688
650 _aPRIVATE INTERNATIONAL LAW
942 _hZ1,6, L7
_cTEXL
999 _c1190073
_d1190073